000 00245nam a2200109Ia 4500
008 220204s9999 xx 000 0 und d
082 _a82-3
_bEGL
100 _aEgleton, Clive
245 0 _aSkirmish
260 _aKent
_bCoronet
_c1975
942 _cBK
999 _c35183
_d35183